00756 2200289 4500001002100000005001500021035002000036001002100056005001500077035002000092245009600112100002400208250001100232300002700243700001600270260004700286082001000333084001600343020002200359650001900381990001100400990001100411990001100422990001100433990001100444990001100455INLIS00000000000192720251218100913 a0010-1225000003INLIS00000000000192620251218093533 a0010-12250000021 aWriting Heals :bSeni Menulis untuk Kesehatan mental dan Kebahagiaan /cAgung Setiyo Wibowo0 aAgung Setiyo Wibowo aCet. 1 axvii, 165 hlm ;c21 cm0 aEko Nugroho aJakarta :bPT Elex Media Komputindo,c2024 a615.8 a615.8 AGU w a978-623-00-6112-7 4aTerapi Menulis a004013 a004012 a004012 a004013 a004013 a004012